000 00385nam a2200157Ia 4500
003 OSt
005 20240202111406.0
008 170523s9999 xx 000 0 und d
020 _a978-9327230260
040 _ciimt university meerut
100 _aJAIN- NARANG
245 0 _aADVANCED COST AND MANAGEMENT ACCOUNTING
260 _bKALYANI PUBLICATION
260 _c1994
942 _2ddc
_c02
999 _c217
_d217